003330000a22001090004500090001700000245005700017041001300074100003000087942001300117773007600130999001700206 aASbSeriadas10aPreliminary inventory of the ant species at the ciem0 aInglés1 aEstrada, Catalina9100239 cARTICULO1 tField Studies of Fauna and Flora La Macarena, Colombiaq39-45d1997g10 c15992d15992